000 00532nam a2200217Ia 4500
005 20241216010138.0
008 180423s9999||||xx |||||||||||||| ||und||
082 _a420
_bE346
100 _aEHRLINCH, EUGENE Y OTRO
245 0 _aENGLIHS GRAMMAR
250 _a0
260 _aU.S.A.
_bMCGRAW-HILL
_c1976
300 _a139 pag.
_c28 cm
341 _h0
490 _v0
_a0
505 _aSENTENCE-PRINCIPAL/ARTILES-VERBS
541 _aC
_d15-Dec-93
650 _aLINGUISTICA Y FILOSOFIA
856 _zHumanidades
942 _cLIBRO
999 _c6706
_d6706